000 00625cam a22002053a 4500
001 40087
003 PGUSA
005 20140828083908.0
008 120626s2012||||xxu|||||s|||||000 | eng d
040 _aPGUSA
_beng
042 _adc
100 1 _aHungerford, Edward,
_d1875-1948
245 1 0 _aWith the Doughboy in France :
_bA Few Chapters of an American Effort
_h[electronic resource] /
_cEdward Hungerford
260 _bProject Gutenberg,
_c2012
506 _aPublic domain in the USA.
516 _aElectronic text
830 0 _aProject Gutenberg
_v40087
856 4 0 _uhttp://www.gutenberg.org/ebooks/40087
942 _cEB
999 _c269340
_d269340